000 00815nam a2200205 a 4500
008 120416s1986 ||||||||||||||||| || u
020 _a0023426004
050 _aT 353 Tec
100 _aGiesecke, Frederick Ernest, 1869-
245 1 0 _aTechnical drawing
_cedited by Frederick E. Giesecke
250 _a8th ed.
260 _aNew York:
_bMacmillan
_c1986
300 _aix, 964p. : ill
350 _a0.00
500 _aBibliography: p. 858-865.
650 _aENGINEERING
650 _aMECHANICAL DRAWING
995 _aANNEX COLLECTION (Main Library)
_D0.00
_e725407
_FCBU-MAIN LIBRARY (Kitwe)
_H1
_I45.75
_jT 353 Tec
_M1
_UAVAILABLE
_y013281
_ZAnnex Low-Usage Collection
995 _aBINDERY (DAMAGED)
_D0.00
_e725406
_FCBU-MAIN LIBRARY (Kitwe)
_H2
_I45.75
_jT 353 Tec
_M1
_UDAMAGED
_y013282
_ZMain Library Open Access Collection
999 _c80957
_d80957